000 00409cam a2200169ua 4500
020 _a0 246 12278 1`
041 _aeng
_h
082 _a535.84
_bJAM/EX
100 _aJames, Mike .
245 _aExpert guide to the spectrum /
_cMike James.
_hTextual Documents
250 _a1 /
_b.
260 _aLondon :
_bGranada ,
_c1984.
300 _a190 ; .
504 _a
942 _cBK
999 _c11049
_d11049